000 00353nam a2200133Ia 4500
008 100328s9999 xx 000 0 und d
082 _b57894
100 _aजोशी प्रकाश
245 _aमावळमौजा
260 _bआपलं
630 _aमावळमौजा
730 _aमावळमौजा
942 _cBOOK
999 _c544294
_d544291